|
|
|
|
| LEADER |
03498nam a2200517 4500 |
| 001 |
978-3-540-46508-9 |
| 003 |
DE-He213 |
| 005 |
20191024202506.0 |
| 007 |
cr nn 008mamaa |
| 008 |
121227s2000 gw | s |||| 0|eng d |
| 020 |
|
|
|a 9783540465089
|9 978-3-540-46508-9
|
| 024 |
7 |
|
|a 10.1007/3-540-46508-1
|2 doi
|
| 040 |
|
|
|d GrThAP
|
| 050 |
|
4 |
|a Q334-342
|
| 072 |
|
7 |
|a UYQ
|2 bicssc
|
| 072 |
|
7 |
|a COM004000
|2 bisacsh
|
| 072 |
|
7 |
|a UYQ
|2 thema
|
| 082 |
0 |
4 |
|a 006.3
|2 23
|
| 245 |
1 |
0 |
|a Automated Deduction in Classical and Non-Classical Logics
|h [electronic resource] :
|b Selected Papers /
|c edited by Ricardo Caferra, Gernot Salzer.
|
| 250 |
|
|
|a 1st ed. 2000.
|
| 264 |
|
1 |
|a Berlin, Heidelberg :
|b Springer Berlin Heidelberg :
|b Imprint: Springer,
|c 2000.
|
| 300 |
|
|
|a VIII, 304 p.
|b online resource.
|
| 336 |
|
|
|a text
|b txt
|2 rdacontent
|
| 337 |
|
|
|a computer
|b c
|2 rdamedia
|
| 338 |
|
|
|a online resource
|b cr
|2 rdacarrier
|
| 347 |
|
|
|a text file
|b PDF
|2 rda
|
| 490 |
1 |
|
|a Lecture Notes in Artificial Intelligence ;
|v 1761
|
| 505 |
0 |
|
|a Invited Papers -- Automated Theorem Proving in First-Order Logic Modulo: On the Difference between Type Theory and Set Theory -- Higher-Order Modal Logic-A Sketch -- Proving Associative-Commutative Termination Using RPO-Compatible Orderings -- Decision Procedures and Model Building or How to Improve Logical Information in Automated Deduction -- Replacement Rules with Definition Detection -- Contributed Papers -- On the Complexity of Finite Sorted Algebras -- A Further and Effective Liberalization of the ?-Rule in Free Variable Semantic Tableaux -- A New Fast Tableau-Based Decision Procedure for an Unquantified Fragment of Set Theory -- Interpretation of a Mizar-Like Logic in First Order Logic -- An ((n · log n)3)-Time Transformation from Grz into Decidable Fragments of Classical First-Order Logic -- Implicational Completeness of Signed Resolution -- An Equational Re-engineering of Set Theories -- Issues of Decidability for Description Logics in the Framework of Resolution -- Extending Decidable Clause Classes via Constraints -- Completeness and Redundancy in Constrained Clause Logic -- Effective Properties of Some First Order Intuitionistic Modal Logics -- Hidden Congruent Deduction -- Resolution-Based Theorem Proving for SH n-Logics -- Full First-Order Sequent and Tableau Calculi With Preservation of Solutions and the Liberalized ?-Rule but Without Skolemization.
|
| 650 |
|
0 |
|a Artificial intelligence.
|
| 650 |
|
0 |
|a Mathematical logic.
|
| 650 |
|
0 |
|a Computer logic.
|
| 650 |
1 |
4 |
|a Artificial Intelligence.
|0 http://scigraph.springernature.com/things/product-market-codes/I21000
|
| 650 |
2 |
4 |
|a Mathematical Logic and Formal Languages.
|0 http://scigraph.springernature.com/things/product-market-codes/I16048
|
| 650 |
2 |
4 |
|a Logics and Meanings of Programs.
|0 http://scigraph.springernature.com/things/product-market-codes/I1603X
|
| 700 |
1 |
|
|a Caferra, Ricardo.
|e editor.
|4 edt
|4 http://id.loc.gov/vocabulary/relators/edt
|
| 700 |
1 |
|
|a Salzer, Gernot.
|e editor.
|4 edt
|4 http://id.loc.gov/vocabulary/relators/edt
|
| 710 |
2 |
|
|a SpringerLink (Online service)
|
| 773 |
0 |
|
|t Springer eBooks
|
| 776 |
0 |
8 |
|i Printed edition:
|z 9783662163160
|
| 776 |
0 |
8 |
|i Printed edition:
|z 9783540671909
|
| 830 |
|
0 |
|a Lecture Notes in Artificial Intelligence ;
|v 1761
|
| 856 |
4 |
0 |
|u https://doi.org/10.1007/3-540-46508-1
|z Full Text via HEAL-Link
|
| 912 |
|
|
|a ZDB-2-SCS
|
| 912 |
|
|
|a ZDB-2-LNC
|
| 912 |
|
|
|a ZDB-2-BAE
|
| 950 |
|
|
|a Computer Science (Springer-11645)
|